[Event "Erlangen op 18th"]
[Site "Erlangen"]
[Date "2003.??.??"]
[Round "2"]
[White "Borel, Markus"]
[Black "Weilhard, Andreas"]
[Result "1-0"]
[WhiteElo "1753"]
[BlackElo "1305"]
[PlyCount "47"]
[EventDate "2003.11.??"]
[EventType "swiss"]
[EventRounds "5"]
[EventCountry "GER"]
[SourceTitle "EXT 2005"]
[Source "ChessBase"]
[SourceDate "2004.11.15"]
[SourceVersion "1"]
[SourceVersionDate "2004.11.15"]
[SourceQuality "1"]

1. e4 e5 2. d3 Nc6 3. Nc3 Bc5 4. g3 Nf6 5. Bg2 d6 6. Na4 Bb6 7. Nxb6 axb6 8. Ne2 Bd7 9. f4 Qc8 10. f5 g6 11. Bg5 Nh5 12. g4 f6 13. Bh6 g5 14. gxh5 Rg8 15. Nc3 Nd8 16. Nd5 Kf7 17. h4 Bc6 18. Nxf6 Kxf6 19. hxg5+ Kf7 20. g6+ hxg6 21. hxg6+ Kf6 22. Qh5 Nf7 23. Qh4+ Ng5 24. Qxg5# 1-0

[Event "Erlangen op 18th"]
[Site "Erlangen"]
[Date "2003.??.??"]
[Round "1"]
[White "Weilhard, Andreas"]
[Black "Hummel, Thomas"]
[Result "1/2-1/2"]
[WhiteElo "1305"]
[BlackElo "1684"]
[PlyCount "61"]
[EventDate "2003.11.??"]
[EventType "swiss"]
[EventRounds "5"]
[EventCountry "GER"]
[SourceTitle "EXT 2005"]
[Source "ChessBase"]
[SourceDate "2004.11.15"]
[SourceVersion "1"]
[SourceVersionDate "2004.11.15"]
[SourceQuality "1"]

1. e4 Nf6 2. Nc3 d6 3. Nf3 g6 4. d4 Bg7 5. Be3 c6 6. Bd3 Qc7 7. Qd2 Bg4 8. Be2 b5 9. 0-0 a6 10. h3 Bc8 11. b4 Bb7 12. e5 dxe5 13. Nxe5 0-0 14. Bf4 Qc8 15. Bf3 Rd8 16. Ne2 Nbd7 17. c3 Nxe5 18. Bxe5 Nd7 19. Bxg7 Kxg7 20. Nf4 e5 21. dxe5 Nxe5 22. Qe3 Nc4 23. Qc5 Qb8 24. Ne6+ fxe6 25. Qe7+ Kh8 26. Qf6+ Kg8 27. Qxe6+ Kf8 28. Qf6+ Kg8 29. Qe6+ Kf8 30. Qf6+ Kg8 31. Qe6+ 1/2-1/2

[Event "Erlangen op 18th"]
[Site "Erlangen"]
[Date "2003.??.??"]
[Round "3"]
[White "Weilhard, Andreas"]
[Black "Stecher, Bernd"]
[Result "1-0"]
[WhiteElo "1305"]
[BlackElo "1434"]
[PlyCount "91"]
[EventDate "2003.11.??"]
[EventType "swiss"]
[EventRounds "5"]
[EventCountry "GER"]
[SourceTitle "EXT 2005"]
[Source "ChessBase"]
[SourceDate "2004.11.15"]
[SourceVersion "1"]
[SourceVersionDate "2004.11.15"]
[SourceQuality "1"]

1. e4 c5 2. Nf3 Nc6 3. d4 cxd4 4. Nxd4 Nxd4 5. Qxd4 e6 6. Nc3 a6 7. g3 Ne7 8. Bg2 Nc6 9. Qe3 Be7 10. b3 Bf6 11. Bb2 0-0 12. 0-0-0 Qe7 13. Kb1 b5 14. f4 g6 15. e5 Bg7 16. Ne4 Rb8 17. Nf6+ Kh8 18. g4 Rd8 19. Qh3 h6 20. g5 h5 21. Bf3 Bxf6 22. gxf6 Qf8 23. Rd6 Bb7 24. Rhd1 Nb4 25. Ba3 Bxf3 26. Qxf3 a5 27. Bxb4 axb4 28. Rxd7 Rxd7 29. Rxd7 Kg8 30. Qd3 Qc5 31. Rd8+ Rxd8 32. Qxd8+ Kh7 33. Qe7 Kg8 34. Qe8+ Qf8 35. Qxf8+ Kxf8 36. Kb2 h4 37. h3 Kg8 38. c3 Kh7 39. c4 bxc4 40. bxc4 Kh6 41. c5 g5 42. fxg5+ Kxg5 43. c6 Kf5 44. c7 Kxe5 45. c8Q Kxf6 46. Qd8+ 1-0